| 000 | 00963nam a2200289 i 4500 | ||
|---|---|---|---|
| 003 | EG-GICUC | ||
| 005 | 20260121101427.0 | ||
| 008 | 251203s1922 -uk||||fr|||| 001 0 eng d | ||
| 040 |
_aEG-GiCUC _beng _cEG-GiCUC _dEG-GiCUC _erda |
||
| 041 | 0 | _aeng | |
| 082 | 0 | 4 |
_221 _a338.85041 _bRE . T |
| 092 | 0 | 4 | _221 |
| 099 | _aLaw1 13 338.85041 RE . T 1922 | ||
| 100 | 1 |
_aRees, John Morgan _eAuthor. |
|
| 245 | 1 | 0 |
_aTrusts in British Industry 1914-1921 : _bA Study of Recent Developments in Business Organisation / _cBy John Morgan Rees. |
| 264 | 1 |
_aLondon : _bP. S. king, _c1922. |
|
| 300 |
_a269 pages ; _c24 cm |
||
| 336 |
_2rda content _atext |
||
| 337 |
_2rda media _aComputer |
||
| 338 |
_2rda carrier _aOnline Resource |
||
| 500 | _aIncludes Appendix, Index. | ||
| 546 | _aText in English | ||
| 650 | 1 | 4 | _aPublic finance and tax legislation |
| 856 | 4 | 0 | _uhttps://fll.law.cu.edu.eg/fulltext/bks/B13-08549.pdf |
| 905 |
_a30 _eHassnaa |
||
| 942 |
_2ddc _cBK _e21 _n0 |
||
| 999 |
_c48212 _d48212 |
||